LEADER 01401nam--2200433---450- 001 990000701810203316 005 20050518160215.0 035 $a0070181 035 $aUSA010070181 035 $a(ALEPH)000070181USA01 035 $a0070181 100 $a20011022d1984----km-y0itay0103----ba 101 $aita 102 $aIT 105 $a||||||||001yy 200 1 $a<> figlio di Dio$el'origine della cristologia e la storia della religione giudeo-ellenistica$fMartin Hengel$gedizione italiana a cura di Omero Soffritti$g[traduzione italiana di Viviana Cessi] 210 $aBrescia$cPaideia$d1984 215 $a139 p.$d21 cm 225 2 $aStudi biblici$v67 312 $aDer Sohn Gottes 410 $12001$aStudi biblici$v67 454 $12001$aDer Sohn Gottes$936666 606 0 $aGesù Cristo$xDivinità 676 $a232.8 700 1$aHENGEL,$bMartin$0157087 702 1$aSOFFRITTI,$bOmero 702 1$aCESSI,$bViviana 801 0$aIT$bsalbc$gISBD 912 $a990000701810203316 951 $aVARIE COLL. 990/67$b105126 LM$cVARIE COLL. 951 $aII 2 Coll.11/6(XIV Coll 61 67)$b105126 L.M.$cXIV 959 $aBK 969 $aUMA 979 $aPATTY$b90$c20011022$lUSA01$h1902 979 $c20020403$lUSA01$h1719 979 $aPATRY$b90$c20040406$lUSA01$h1648 979 $aCOPAT7$b90$c20050518$lUSA01$h1602 996 $aDer Sohn Gottes$936666 997 $aUNISA LEADER 00865nam0 2200265 450 001 9910329360403321 005 20190710100929.0 010 $a978-88-28-80937-1 100 $a20190710d2018---- km y0itay50 ba 101 0 $aita 102 $aIT 105 $ay 001yy 200 1 $a<> paradigma della globalizzazione giuspolitica comunitaria$emorfologia e criticità dei fattori di omogeneizzazione$fSilvio Bolognini 210 $aMilano$cGiuffrè$d2018 215 $aIX, 503 p.$d24 cm 225 1 $aScienza giuridica e politiche del diritto$v3 676 $a349.24$v23 700 1$aBolognini,$bSilvio$0299196 801 0$aIT$bUNINA$gREICAT$2UNIMARC 901 $aBK 912 $a9910329360403321 952 $aGRDDCE64A$b2269$fDECBC 959 $aDECBC 996 $aParadigma della globalizzazione giuspolitica comunitaria$91555884 997 $aUNINA